00794nam a2200217Ii 45000010005000000030009000050080041000140400033000550410008000880820016000961000028001122450066001402640074002063000012002803360026002923370028003183380027003469400050003739990017004239520136004408362CO-ViMGA241108s9999||||xx |||||||||||||| ||und|| aCO-ViMGAbspaerdacCO-ViMGA0 aspa04a070.44 R6961 aBeto Rodríguez94523810aTelon de fondo :bLa historia Cucuteña al galope crónicas 1aBogotá, Colombia : Instituto de Cultura de Norte de Santander, 1994 avolumen atextbtxt2rdacontent aunmediatedbn2rdamedia avolumebnc2rdacarrier aidficha_siabuc: 8171. -- ficha_no_siabuc:8362 c39739d39739 001040708001aMEVIGERRbMEVIGERRcGENd2006-11-27o070.44 R696pECA8571r2024-11-25 15:07:00tEj.1w2024-11-25yBKz8171 | 11430